[Event "Pfalz-ch 75th"]
[Site "Kaiserslautern"]
[Date "2006.04.09"]
[Round "3"]
[White "Spittler, Harry"]
[Black "Zimmer, Ketsarrin"]
[Result "0-1"]
[WhiteElo "1182"]
[BlackElo "1174"]
[PlyCount "52"]
[EventDate "2006.04.07"]
[EventType "swiss"]
[EventRounds "7"]
[EventCountry "GER"]
[SourceTitle "EXT 2007"]
[Source "ChessBase"]
[SourceDate "2006.11.23"]
[SourceVersion "1"]
[SourceVersionDate "2006.11.23"]
[SourceQuality "1"]

1. e4 e5 2. Nf3 Nc6 3. Bc4 Nf6 4. Ng5 d5 5. Bxd5 Nxd5 6. exd5 Qxg5 7. Qf3 Nd4 8. Qe4 Bd6 9. 0-0 Bf5 10. d3 Qg6 11. Qh4 Be7 12. Qg3 Ne2+ 13. Kh1 Nxg3+ 14. hxg3 e4 15. Nc3 exd3 16. cxd3 Bxd3 17. Rd1 Be4 18. Nb5 Qh5+ 19. Kg1 Qxd1+ 20. Kh2 Qc2 21. Be3 a6 22. Rc1 Qxc1 23. Bxc1 axb5 24. a3 Bxd5 25. g4 0-0-0 26. f4 h6 0-1